000 00827nam0a22002531 4500
001 rc\2774626
005 20250810045137.0
035 _a(NLR Aleph) 006900941
090 _a7246790
_c7246790
100 _a20110915d1941 u y0rusy50 ca
101 0 _arus
102 _aRU
105 _ay z |||||
200 1 _aАгитационно-массовую работу - на службу Отечественной войне
_fК. Черненко
210 _aКрасноярск
_cКрасноярский рабочий
_d1941
215 _a26, [2] с.
_d20 см.
700 1 _aЧерненко
_bК.
801 0 _aRU
_bNLR
_gpsbo
801 1 _aRU
_bELAR
_2rusmarc
852 _aNLR
_jИп10 Г-4/1648
942 _cBOOK
945 _aРоссийская национальная библиотека
980 _aNB
980 _aBV